Aphids : (Record no. 32218)

MARC details
000 -LEADER
fixed length control field 01242cam a2200337Ia 4500
001 - CONTROL NUMBER
control field u6204
003 - CONTROL NUMBER IDENTIFIER
control field SIRSI
005 - DATE AND TIME OF LATEST TRANSACTION
control field 20180220094231.0
008 - FIXED-LENGTH DATA ELEMENTS--GENERAL INFORMATION
fixed length control field 960212m19879999ne a b 001 0 eng d
020 ## - INTERNATIONAL STANDARD BOOK NUMBER
International Standard Book Number 0444426302 (v. A)
039 #9 - LEVEL OF BIBLIOGRAPHIC CONTROL AND CODING DETAIL [OBSOLETE]
-- 200203190941
-- load
040 ## - CATALOGING SOURCE
Original cataloging agency EAL.
050 ## - LIBRARY OF CONGRESS CALL NUMBER
Classification number SB945.A5
Item number A64 1989
245 00 - TITLE STATEMENT
Title Aphids :
Remainder of title their biology, natural enemies, and control /
Statement of responsibility, etc. edited by A.K. Minks and P. Harrewijn.
260 0# - PUBLICATION, DISTRIBUTION, ETC.
Place of publication, distribution, etc. Amsterdam ;
-- New York :
Name of publisher, distributor, etc. Elsevier,
Date of publication, distribution, etc. 1987-<1989 >
300 ## - PHYSICAL DESCRIPTION
Extent v. <1-3 > :
Other physical details ill. (some col.) ;
Dimensions 30 cm.
490 1# - SERIES STATEMENT
Series statement World crop pests ;
Volume/sequential designation 2A-<2C >
504 ## - BIBLIOGRAPHY, ETC. NOTE
Bibliography, etc. note Includes bibliographical references and index.
596 ## -
-- 1
650 #0 - SUBJECT ADDED ENTRY--TOPICAL TERM
Topical term or geographic name entry element Aphididae.
650 #0 - SUBJECT ADDED ENTRY--TOPICAL TERM
Topical term or geographic name entry element Aphididae
General subdivision Control.
650 #0 - SUBJECT ADDED ENTRY--TOPICAL TERM
Topical term or geographic name entry element Aphididae
General subdivision Biological control.
700 10 - ADDED ENTRY--PERSONAL NAME
Personal name Minks, A. K.
700 10 - ADDED ENTRY--PERSONAL NAME
Personal name Harrewijn, P.
830 #0 - SERIES ADDED ENTRY--UNIFORM TITLE
Uniform title World crop pests ;
Volume/sequential designation 2A, etc.
942 ## - ADDED ENTRY ELEMENTS (KOHA)
Koha item type Books
Source of classification or shelving scheme Library of Congress Classification
Holdings
Withdrawn status Lost status Source of classification or shelving scheme Damaged status Not for loan Home library Current library Date acquired Total Checkouts Full call number Barcode Date last seen Copy number Price effective from Koha item type
Withdrawn   Library of Congress Classification     Main Main 02/20/2018   SB945.A5 A64 1989 VOL.2C 0010071 12/11/2024 1 02/20/2018 Books
Withdrawn   Library of Congress Classification     Main Main 02/20/2018   SB945.A5 A64 1989 VOL.2C 0010065 12/11/2024 2 02/20/2018 Books
    Library of Congress Classification     Main Main 02/20/2018   SB945.A5 A64 1987 VOL.2A 0010068 02/20/2018 1 02/20/2018 Books
Withdrawn   Library of Congress Classification     Main Main 02/20/2018   SB945.A5 A64 1987 VOL.2A 0010089 12/11/2024 2 02/20/2018 Books
Withdrawn   Library of Congress Classification     Main Main 02/20/2018   SB945.A5 A64 1988 VOL.2B 0010067 12/11/2024 1 02/20/2018 Books

Home | About ENAL | Collections | Services | Activities | Calendar | Contact us

7 Nadi El Sayed St., Giza, Egypt | Phone:02-33351121 +02-33351313 | 
| Email: enalegypt@gmail.com